000 00548nam a22001937a 4500
003 CEME
005 20210628203156.0
008 210122b xxu||||| |||| 00| 0 eng d
022 _a97807645-78656
040 _c.
082 _a641.5 BIR
100 _aBittman, Mark
_963773
245 _aHow to cook everything, 2000 simple recipes for great food
250 _a10TH
260 _aUSA
_bJOHN WILEY & SONS
_c2008
300 _aXII,1043P
650 _aHOW TO COOK EVERYTHING.COOKERY.2000 SIMPLE RECIPES FOR GREAT FOOD
_963774
942 _cBK
_2ddc
999 _c572494
_d572494